[Event "St Petersburg Korchnoi Memorial op"]
[Site "St Petersburg"]
[Date "2019.08.15"]
[Round "2"]
[White "Nikitin, Sergey E"]
[Black "Tsybikov, Tumen"]
[Result "0-1"]
[WhiteElo "2074"]
[BlackElo "2281"]
[PlyCount "68"]
[EventDate "2019.08.14"]
[EventType "swiss"]
[EventRounds "9"]
[EventCountry "RUS"]
[SourceTitle "CBM 192"]
[Source "ChessBase"]
[SourceDate "2019.10.31"]
[SourceVersion "1"]
[SourceVersionDate "2019.10.31"]
[SourceQuality "1"]

1. e4 c5 2. Nf3 d6 3. d4 cxd4 4. Nxd4 Nf6 5. Nc3 a6 6. g3 g6 7. Bg2 Bg7 8. 0-0 0-0 9. h3 Nc6 10. Nb3 Bd7 11. a4 Rc8 12. f4 Na5 13. e5 Ne8 14. Nxa5 Qxa5 15. Nd5 Qd8 16. Be3 Bc6 17. Nb6 Bxg2 18. Kxg2 Rc6 19. a5 Nc7 20. exd6 Rxd6 21. Qf3 Bxb2 22. Rad1 Bd4 23. Rxd4 Rxd4 24. Bxd4 Qxd4 25. Qxb7 Qc3 26. Rf2 Rd8 27. Nc8 Kf8 28. Na7 Nd5 29. Qxa6 Ne3+ 30. Kh2 Rd2 31. Re2 Nf1+ 32. Kg2 Qxg3+ 33. Kh1 Qf3+ 34. Kg1 Rxe2 0-1

[Event "Eurasia Cup op"]
[Site "Ekaterinburg"]
[Date "2019.08.03"]
[Round "4"]
[White "Pauli, Stanislav"]
[Black "Tsybikov, Tumen"]
[Result "0-1"]
[WhiteElo "1890"]
[BlackElo "2281"]
[PlyCount "132"]
[EventDate "2019.07.31"]
[EventType "swiss"]
[EventRounds "9"]
[EventCountry "RUS"]
[SourceTitle "CBM 191 Extra"]
[Source "ChessBase"]
[SourceDate "2019.09.30"]
[SourceVersion "1"]
[SourceVersionDate "2019.09.30"]
[SourceQuality "1"]

1. Nf3 c5 2. e4 d6 3. Bb5+ Nd7 4. 0-0 a6 5. Bd3 Ngf6 6. Re1 e6 7. a4 b6 8. c3 Bb7 9. Na3 Be7 10. Qe2 0-0 11. Bc2 Qc7 12. h3 Rac8 13. d3 Rfe8 14. Bf4 Nf8 15. Rac1 e5 16. Bh2 Ne6 17. Nc4 Bf8 18. Ne3 b5 19. axb5 axb5 20. Bb3 Nf4 21. Qd1 Nxd3 22. Qxd3 c4 23. Qf1 cxb3 24. Qxb5 Bxe4 25. Qxb3 Rb8 26. Qc4 Qxc4 27. Nxc4 Bxf3 28. gxf3 Rec8 29. Ne3 Rxb2 30. c4 Nd7 31. f4 f6 32. Rb1 Rcb8 33. Rxb2 Rxb2 34. Rd1 Nc5 35. f5 Nb3 36. Kg2 g6 37. Rd5 Nd4 38. fxg6 hxg6 39. Ra5 Rb7 40. Nd5 Kf7 41. Ra8 Ne6 42. h4 Nc7 43. Ra5 Nxd5 44. cxd5 Be7 45. f4 Rb2+ 46. Kh3 Rb3+ 47. Kg2 Rb4 48. h5 gxh5 49. f5 Rb2+ 50. Kg1 h4 51. Ra1 Rd2 52. Ra5 h3 53. Rb5 Rg2+ 54. Kh1 Rf2 55. Rb3 Rxf5 56. Rxh3 Rf2 57. Rh7+ Kf8 58. Rh8+ Kg7 59. Ra8 Rd2 60. Ra5 Kg6 61. Bg3 Bf8 62. Kg1 Bh6 63. Be1 Rd1 64. Kf2 Bd2 65. Bxd2 Rxd2+ 66. Ke3 Rd4 0-1

[Event "Eurasia Cup op"]
[Site "Ekaterinburg"]
[Date "2019.08.02"]
[Round "3"]
[White "Tsybikov, Tumen"]
[Black "Lysenko, Maria"]
[Result "1-0"]
[WhiteElo "2281"]
[BlackElo "2064"]
[PlyCount "109"]
[EventDate "2019.07.31"]
[EventType "swiss"]
[EventRounds "9"]
[EventCountry "RUS"]
[SourceTitle "CBM 191 Extra"]
[Source "ChessBase"]
[SourceDate "2019.09.30"]
[SourceVersion "1"]
[SourceVersionDate "2019.09.30"]
[SourceQuality "1"]

1. e4 c5 2. Nf3 Nc6 3. d4 cxd4 4. Nxd4 e5 5. Nb5 d6 6. N1c3 a6 7. Na3 b5 8. Nd5 Nf6 9. Bg5 Be7 10. Bxf6 Bxf6 11. c3 Bg5 12. Nc2 Ne7 13. h4 Bh6 14. Ncb4 0-0 15. g3 a5 16. Nxe7+ Qxe7 17. Nd5 Qb7 18. Qb3 Rb8 19. Bh3 Be6 20. Rd1 Kh8 21. Qc2 Qd7 22. Bg2 f5 23. exf5 Bxf5 24. Be4 Bxe4 25. Qxe4 Qf7 26. 0-0 g6 27. Kg2 Qf5 28. Qxf5 gxf5 29. Ne7 Rf6 30. Nc6 Rc8 31. Nxa5 Ra8 32. Nb7 Bf8 33. Rd5 Rf7 34. Nxd6 Rd7 35. Rfd1 Bxd6 36. Rxd6 Rxd6 37. Rxd6 Rxa2 38. Rd5 Rxb2 39. Rxe5 f4 40. g4 Rb3 41. Rc5 Kg7 42. Kf3 b4 43. Kxf4 bxc3 44. Kg5 Rb2 45. f4 c2 46. Rc7+ Kg8 47. f5 Ra2 48. Kh6 Ra6+ 49. Kh5 Ra2 50. g5 Rb2 51. Kh6 Rb6+ 52. g6 Rb8 53. Rxc2 Rf8 54. h5 hxg6 55. hxg6 1-0

[Event "Eurasia Cup op"]
[Site "Ekaterinburg"]
[Date "2019.08.01"]
[Round "2"]
[White "Pridorozhni, Aleksei"]
[Black "Tsybikov, Tumen"]
[Result "1-0"]
[WhiteElo "2586"]
[BlackElo "2281"]
[PlyCount "51"]
[EventDate "2019.07.31"]
[EventType "swiss"]
[EventRounds "9"]
[EventCountry "RUS"]
[SourceTitle "CBM 191 Extra"]
[Source "ChessBase"]
[SourceDate "2019.09.30"]
[SourceVersion "1"]
[SourceVersionDate "2019.09.30"]
[SourceQuality "1"]

1. e4 c5 2. Nf3 d6 3. Bb5+ Nd7 4. 0-0 a6 5. Bd3 Ngf6 6. Re1 e6 7. c3 b5 8. Bc2 Be7 9. d4 0-0 10. e5 Nd5 11. Qd3 g6 12. Bh6 Re8 13. exd6 Bxd6 14. Nbd2 cxd4 15. Qxd4 Bf8 16. Bxf8 Rxf8 17. Ne4 Bb7 18. Rad1 N7f6 19. Nc5 Qc7 20. Ne5 Rfd8 21. b4 Ne7 22. Qh4 Nfd5 23. Nxf7 Kxf7 24. Qxh7+ Ke8 25. Rxe6 Kf8 26. Rf6+ 1-0

[Event "Moscow op-A 15th"]
[Site "Moscow"]
[Date "2019.02.02"]
[Round "8"]
[White "Zarubitski, Viachaslau"]
[Black "Tsybikov, Tumen"]
[Result "0-1"]
[WhiteElo "2415"]
[BlackElo "2290"]
[PlyCount "40"]
[EventDate "2019.01.26"]
[EventType "swiss"]
[EventRounds "9"]
[EventCountry "RUS"]
[SourceTitle "CBM 188 Extra"]
[Source "ChessBase"]
[SourceDate "2019.02.26"]
[SourceVersion "1"]
[SourceVersionDate "2019.02.26"]
[SourceQuality "1"]

1. e4 c5 2. Nf3 d6 3. d4 cxd4 4. Nxd4 Nf6 5. Nc3 a6 6. Be3 e5 7. Nb3 Be6 8. Be2 Be7 9. Nd5 Nbd7 10. Qd3 Bxd5 11. exd5 Rc8 12. c4 0-0 13. g4 e4 14. Qd4 Ne5 15. g5 Nfd7 16. Qxe4 Bxg5 17. 0-0 Re8 18. Qf5 Bxe3 19. fxe3 Nf6 20. Rae1 Ng6 0-1

[Event "Moscow op-A 15th"]
[Site "Moscow"]
[Date "2019.01.28"]
[Round "3"]
[White "Zakhartsov, Vladimir"]
[Black "Tsybikov, Tumen"]
[Result "1-0"]
[WhiteElo "2483"]
[BlackElo "2290"]
[PlyCount "77"]
[EventDate "2019.01.26"]
[EventType "swiss"]
[EventRounds "9"]
[EventCountry "RUS"]
[SourceTitle "CBM 188 Extra"]
[Source "ChessBase"]
[SourceDate "2019.02.26"]
[SourceVersion "1"]
[SourceVersionDate "2019.02.26"]
[SourceQuality "1"]

1. c4 c5 2. Nf3 g6 3. d4 Bg7 4. e4 d6 5. d5 e6 6. Nc3 Ne7 7. Be2 h6 8. dxe6 Bxe6 9. Nb5 Nc8 10. Bf4 0-0 11. 0-0 Bxb2 12. Bxh6 a6 13. Bxf8 Bxa1 14. Qxa1 Kxf8 15. Nc3 Nd7 16. Nd5 Kg8 17. Qc1 Bxd5 18. cxd5 Nf6 19. Ng5 Qe7 20. Bd3 b5 21. f4 Nb6 22. Rf3 Re8 23. Qf1 Nh5 24. h4 Nd7 25. e5 dxe5 26. f5 Nf4 27. fxg6 fxg6 28. Be4 Qd6 29. g3 Nh5 30. Nf7 Qb6 31. d6 c4+ 32. Kh2 Kg7 33. Qc1 Nf4 34. Ng5 Qxd6 35. gxf4 exf4 36. Qxf4 Ne5 37. Kg2 b4 38. Nf7 Qc7 39. Qh6+ 1-0

[Event "Moscow op-A 15th"]
[Site "Moscow"]
[Date "2019.01.27"]
[Round "2"]
[White "Tsybikov, Tumen"]
[Black "Ivanov, Oleg"]
[Result "1-0"]
[WhiteElo "2290"]
[BlackElo "2429"]
[PlyCount "63"]
[EventDate "2019.01.26"]
[EventType "swiss"]
[EventRounds "9"]
[EventCountry "RUS"]
[SourceTitle "CBM 188 Extra"]
[Source "ChessBase"]
[SourceDate "2019.02.26"]
[SourceVersion "1"]
[SourceVersionDate "2019.02.26"]
[SourceQuality "1"]

1. e4 c5 2. Nf3 Nc6 3. d4 cxd4 4. Nxd4 Nf6 5. Nc3 d6 6. Bg5 e6 7. Qd2 Be7 8. 0-0-0 0-0 9. f4 h6 10. Bh4 Nxd4 11. Qxd4 Qa5 12. Kb1 e5 13. Qd3 exf4 14. Bxf6 Bxf6 15. Nd5 Be5 16. Qf3 Be6 17. Bc4 Qd8 18. Bb3 Bxd5 19. Bxd5 Rc8 20. g3 fxg3 21. hxg3 Qb6 22. Bb3 a5 23. a4 Qb4 24. Qg4 Rc4 25. Rxh6 Re8 26. Rdh1 Kf8 27. Rh8+ Ke7 28. Rxe8+ Kxe8 29. Rh8+ Ke7 30. Qg5+ Bf6 31. Qd5 b5 32. Qb7+ 1-0

[Event "St Petersburg Korchnoi Memorial op"]
[Site "St Petersburg"]
[Date "2018.08.18"]
[Round "4"]
[White "Kiseleva, Arina"]
[Black "Tsybikov, Tumen"]
[Result "0-1"]
[WhiteElo "2067"]
[BlackElo "2272"]
[PlyCount "76"]
[EventDate "2018.08.15"]
[EventType "swiss"]
[EventRounds "9"]
[EventCountry "RUS"]
[SourceTitle "CBM 186 Extra"]
[Source "ChessBase"]
[SourceDate "2018.08.24"]
[SourceVersion "1"]
[SourceVersionDate "2018.08.24"]
[SourceQuality "1"]

1. Nf3 c5 2. e4 d6 3. c3 Nf6 4. Bd3 g6 5. 0-0 Bg7 6. Bc2 0-0 7. d4 cxd4 8. cxd4 Bg4 9. Nc3 Nc6 10. Be3 Nd7 11. Qd2 Bxf3 12. gxf3 e5 13. dxe5 Ndxe5 14. Qe2 Qh4 15. Kg2 g5 16. Nd5 Ng6 17. Qd2 h6 18. Bd1 Be5 19. h3 Kh8 20. Be2 Nf4+ 21. Bxf4 gxf4 22. Rh1 Rg8+ 23. Kf1 Qg5 24. Ke1 Nd4 25. Rf1 Rac8 26. Rc1 Qg2 27. Nxf4 Qxf3 28. Nd3 Rxc1+ 29. Nxc1 Qxh3 30. Nd3 Rc8 31. Nxe5 dxe5 32. Bd1 Qh4 33. Qe3 Rc2 34. Qd3 Rxb2 35. Bb3 Qf4 36. Kd1 Nf3 37. Bc2 Rxa2 38. Qb3 Qd2# 0-1

[Event "RUS-ch Eurasia Cup op"]
[Site "Ekaterinburg"]
[Date "2018.08.10"]
[Round "9"]
[White "Martynyuk, Elizaveta"]
[Black "Tsybikov, Tumen"]
[Result "1-0"]
[WhiteElo "2090"]
[BlackElo "2272"]
[PlyCount "95"]
[EventDate "2018.08.01"]
[EventType "swiss"]
[EventRounds "9"]
[EventCountry "RUS"]
[SourceTitle "CBM 185 Extra"]
[Source "ChessBase"]
[SourceDate "2018.07.29"]
[SourceVersion "1"]
[SourceVersionDate "2018.07.29"]
[SourceQuality "1"]

1. e4 c5 2. Nf3 d6 3. d4 cxd4 4. Nxd4 Nf6 5. Nc3 a6 6. Be3 e5 7. Nb3 Be6 8. Be2 Be7 9. 0-0 0-0 10. Qd3 b5 11. f4 Nc6 12. a4 bxa4 13. Rxa4 a5 14. Rfa1 Bxb3 15. cxb3 Rb8 16. Qd2 Rxb3 17. Bb5 Nd4 18. Bxd4 exd4 19. Qxd4 Qb8 20. Rxa5 Bd8 21. Qc4 Rxc3 22. Qxc3 Nxe4 23. Qc6 Bxa5 24. Rxa5 Rc8 25. Ra6 g6 26. Rb6 Qa8 27. Qxa8 Rxa8 28. g3 Ra1+ 29. Kg2 Rd1 30. Kf3 d5 31. Bc6 Rd3+ 32. Ke2 Rd2+ 33. Ke1 Kg7 34. Rb5 Rxh2 35. Bxd5 Nxg3 36. Rb7 h5 37. b4 h4 38. b5 Rb2 39. Rxf7+ Kh6 40. Bc6 h3 41. Rd7 h2 42. Rd3 Nh5 43. Rd2 Rb1+ 44. Rd1 Rxb5 45. Kf2 Rb6 46. Be4 Rb4 47. Kf3 Ra4 48. Re1 1-0

[Event "RUS-ch Eurasia Cup op"]
[Site "Ekaterinburg"]
[Date "2018.08.09"]
[Round "8"]
[White "Tsybikov, Tumen"]
[Black "Faizrakhmanov, Ramil"]
[Result "0-1"]
[WhiteElo "2272"]
[BlackElo "2407"]
[PlyCount "44"]
[EventDate "2018.08.01"]
[EventType "swiss"]
[EventRounds "9"]
[EventCountry "RUS"]
[SourceTitle "CBM 185 Extra"]
[Source "ChessBase"]
[SourceDate "2018.07.29"]
[SourceVersion "1"]
[SourceVersionDate "2018.07.29"]
[SourceQuality "1"]

1. e4 c6 2. d4 d5 3. e5 Bf5 4. h4 h5 5. Bd3 Bxd3 6. Qxd3 e6 7. Bg5 Be7 8. Nf3 Nh6 9. Nc3 Nf5 10. Ne2 c5 11. c3 cxd4 12. Nexd4 Nxd4 13. Qxd4 Nc6 14. Qf4 f6 15. exf6 gxf6 16. Bh6 e5 17. Qd2 Qd7 18. 0-0-0 Qf5 19. a3 d4 20. Rde1 dxc3 21. Qe3 Na5 22. Nd4 cxb2+ 0-1

[Event "RUS-ch Eurasia Cup op"]
[Site "Ekaterinburg"]
[Date "2018.08.01"]
[Round "1"]
[White "Semenov, Anatoliy"]
[Black "Tsybikov, Tumen"]
[Result "0-1"]
[WhiteElo "1766"]
[BlackElo "2272"]
[PlyCount "56"]
[EventDate "2018.08.01"]
[EventType "swiss"]
[EventRounds "9"]
[EventCountry "RUS"]
[SourceTitle "CBM 185 Extra"]
[Source "ChessBase"]
[SourceDate "2018.07.29"]
[SourceVersion "1"]
[SourceVersionDate "2018.07.29"]
[SourceQuality "1"]

1. e4 c5 2. Nf3 d6 3. d4 cxd4 4. Nxd4 Nf6 5. Nc3 a6 6. Bc4 e6 7. 0-0 Be7 8. Bb3 0-0 9. f4 Nbd7 10. f5 e5 11. Nde2 Nc5 12. Ng3 b5 13. Bd5 Rb8 14. b4 Ncd7 15. Nh5 Qc7 16. Bd2 Bb7 17. Rc1 Nxh5 18. Qxh5 Nf6 19. Qf3 Rbc8 20. Bb3 Qb8 21. g4 Rxc3 22. Qxc3 Nxe4 23. Qd3 d5 24. Be1 Bg5 25. Rd1 d4 26. h4 Be3+ 27. Kh2 Nc3 28. Bg3 Be4 0-1

[Event "Samara Polugaevsky Memorial 8th"]
[Site "Samara"]
[Date "2018.07.14"]
[Round "5"]
[White "Drygalov, Andrey"]
[Black "Tsybikov, Tumen"]
[Result "1-0"]
[WhiteElo "2439"]
[BlackElo "2240"]
[PlyCount "93"]
[EventDate "2018.07.10"]
[EventType "swiss"]
[EventRounds "9"]
[EventCountry "RUS"]
[SourceTitle "CBM 185 Extra"]
[Source "ChessBase"]
[SourceDate "2018.07.29"]
[SourceVersion "1"]
[SourceVersionDate "2018.07.29"]
[SourceQuality "1"]

1. e4 c5 2. Nf3 d6 3. Bb5+ Nd7 4. 0-0 a6 5. Bd3 Ngf6 6. Re1 e6 7. c3 Be7 8. Bc2 0-0 9. d4 cxd4 10. cxd4 e5 11. b3 Re8 12. Bb2 Qc7 13. Nbd2 Bf8 14. Rc1 b5 15. b4 Nb6 16. a4 Qb8 17. a5 Nc4 18. Nxc4 bxc4 19. dxe5 Qxb4 20. exf6 Qxb2 21. Ba4 Rd8 22. fxg7 Bxg7 23. Rxc4 Be6 24. Rc1 h6 25. Bc6 Rac8 26. Qd3 Qb4 27. Bd5 Bxd5 28. Qxd5 Bc3 29. Red1 Qxa5 30. Qd3 Rc5 31. Nh4 Bf6 32. Nf5 Kh7 33. Qh3 Bg5 34. Ra1 Qb6 35. Qh5 Qc7 36. h4 Bf4 37. Rxa6 Rc1 38. Ra1 Rxa1 39. Rxa1 Rg8 40. Rd1 Rg6 41. Qf3 Be5 42. g3 Qc4 43. Kg2 Qa2 44. Qd3 Rg4 45. Kf3 Rg6 46. Qd5 Qa7 47. Rb1 1-0

[Event "Moscow op-A 14th"]
[Site "Moscow"]
[Date "2018.01.29"]
[Round "3"]
[White "Borisenko, Viacheslav"]
[Black "Tsybikov, Tumen"]
[Result "1-0"]
[WhiteElo "2330"]
[BlackElo "2184"]
[PlyCount "47"]
[EventDate "2018.01.27"]
[EventType "swiss"]
[EventRounds "9"]
[EventCountry "RUS"]
[SourceTitle "CBM 182 Extra"]
[Source "ChessBase"]
[SourceDate "2018.02.23"]
[SourceVersion "1"]
[SourceVersionDate "2018.02.23"]
[SourceQuality "1"]

1. e4 c5 2. Nf3 d6 3. c3 Nf6 4. Be2 g6 5. 0-0 Bg7 6. Re1 0-0 7. Bf1 e5 8. d4 cxd4 9. cxd4 exd4 10. Nxd4 Re8 11. Nc3 Nc6 12. Ndb5 Bg4 13. f3 Be6 14. Qxd6 Rc8 15. Qg3 a6 16. Na3 b5 17. Nc2 b4 18. Rd1 Qa5 19. Ne2 Qc5+ 20. Ne3 Red8 21. Qf2 Ne5 22. Nf4 Bc4 23. Rxd8+ Rxd8 24. Nxc4 1-0